[Event "Match"]
[Site "www.echecsemail.com"]
[Date "2015.05.03"]
[Round "1"]
[White "Andradamaria"]
[Black "Caspito"]
[WhiteElo "2119"]
[BlackElo "1820"]
[Result "1-0"]
[Round "1"]
1.d4 g6
2.c4 Bf8g7
3.Nb1c3 Ng8f6
4.e4 d6
5.f3 O-O
6.Bc1e3 Nb8d7
7.Qd1d2 c6
8.O-O-O a6
9.Kb1 b5
10.g4 a5
11.cxb5 a4
12.a3 c5
13.g5 Nf6h5
14.Ng1e2 Bc8b7
15.Bf1h3 Bg7h8
16.Bh3xd7 Qd8xd7
17.dxc5 Qd7e6
18.c6 Bb7c8
19.Nc3d5 Ra8b8
20.Be3a7 Rb8xb5
21.Nd5c7 Qe6b3
22.Nc7xb5 Qb3xb5
23.Ne2c3 Qb5xc6
24.Ba7d4 Nh5g7
25.Nc3d5 Rf8e8
26.Rd1c1 Qc6b7
27.Rc1c7 Qb7b3
28.Qd2c3 Qb3xc3
29.Bd4xc3 Ng7e6
30.Rc7xe7 Re8d8
31.Bc3xh8 Kxh8
32.Re7xf7 Ne6xg5
33.Rf7e7 Ng5xf3
34.Nd5f6 Nf3g5
35.h4 { resign }
1-0

[Event "Match"]
[Site "www.echecsemail.com"]
[Date "2015.05.03"]
[Round "1"]
[White "Gilliere"]
[Black "Drharislacan"]
[WhiteElo "1790"]
[BlackElo "1699"]
[Result "1-0"]
[Round "1"]
1.e4 c5
2.Ng1f3 d6
3.d4 cxd4
4.Nf3xd4 Ng8f6
5.Nb1c3 a6
6.h3 e6
7.Bf1e2 Bf8e7
8.O-O O-O
9.Ra1b1 Nb8c6
10.Nd4xc6 bxc6
11.Bc1g5 c5
12.Bg5xf6 Be7xf6
13.Qd1d2 { resign }
1-0

[Event "1/128 Finale"]
[Site "www.chess-mail.com"]
[Date "2015.05.03"]
[Round "1"]
[White "Tenzinnima"]
[Black "Knightjumper"]
[WhiteElo "2270"]
[BlackElo "1710"]
[Result "0-1"]
[Round "1"]
1.c4 e5
2.g3 Nb8c6
3.Bf1g2 f5
4.Nb1c3 Ng8f6
5.e3 Bf8b4
6.Ng1e2 d6
7.O-O Bc8d7
8.Qd1b3 Bb4xc3
9.Qb3xc3 O-O
10.d4 Qd8e7
11.d5 Nc6d8
12.Qc3c2 Nd8f7
13.f4 Rf8e8
14.Ne2c3 a6
15.Bc1d2 e4
16.b4 b6
17.Nc3e2 Nf7h6
18.Ne2d4 Qe7f7
19.a4 Qf7e7
20.Rf1c1 Ra8b8
21.a5 bxa5
22.Ra1xa5 Rb8b6
23.Rc1a1 Nh6f7
24.Nd4c6 Bd7xc6
25.dxc6 Rb6xc6
26.Ra5xf5 Qe7e6
27.Qc2a4 Rc6xc4
28.Rf5xf6 gxf6
29.Bg2f1 d5
30.Bf1xc4 dxc4
31.Bd2c3 Re8d8
32.Bc3d4 Rd8d6
33.b5 axb5
34.Qa4xb5 Qe6d5
35.Qb5xd5 Rd6xd5
36.Bd4xf6 Nf7d6
37.Ra1a7 Rd5c5
38.Ra7a3 Kf7
39.Bf6d4 Rc5c6
40.Kf2 Nd6b5
41.Ra3a2 c3
42.Ra2c2 Ke6
 { time }
0-1

[Event "1/128 Finale"]
[Site "www.chess-mail.com"]
[Date "2015.05.03"]
[Round "1"]
[White "Rasko90"]
[Black "Osopanda"]
[WhiteElo "1809"]
[BlackElo "1990"]
[Result "0-1"]
[Round "1"]
1.d4 d5
2.c4 e6
3.Ng1f3 Ng8f6
4.g3 c6
5.Bf1g2 Bf8e7
6.O-O O-O
7.Qd1c2 Nb8d7
8.Nb1d2 Rf8e8
9.Rf1d1 Be7f8
10.b3 e5
11.cxd5 cxd5
12.dxe5 Nd7xe5
 { time }
0-1

[Event "Eq:Los Tercios-BEAC Hungary : "]
[Site "www.chess-mail.com"]
[Date "2015.05.03"]
[Round "1"]
[White "Odin"]
[Black "Churrasca"]
[WhiteElo "1810"]
[BlackElo "1990"]
[Result "0-1"]
[Round "1"]
1.d4 Ng8f6
2.c4 g6
3.Ng1f3 Bf8g7
4.g3 O-O
5.Bf1g2 d6
6.Nb1c3 Nb8d7
7.Bc1g5 e5
8.dxe5 dxe5
9.O-O c6
10.b4 h6
11.Bg5xf6 Bg7xf6
12.Nc3e4 Bf6g7
13.Nf3h4 Nd7f6
14.c5 Qd8xd1
15.Ra1xd1 Nf6xe4
16.Bg2xe4 Bc8g4
17.f3 Bg4e6
18.a4 Rf8d8
19.f4 exf4
20.Rd1xd8 Ra8xd8
21.Rf1xf4 g5
22.Rf4f1 gxh4
23.gxh4 Rd8d4
24.Be4d3 Rd4xb4
25.a5 Bg7d4
26.Kg2 Bd4xc5
27.a6 bxa6
28.Rf1a1 Rb4xh4
29.Ra1xa6 Be6d5
30.e4 Bd5e6
31.Ra6xc6 Bc5b6
32.Bd3c4 Rh4xe4
33.Bc4d3 Re4d4
34.Rc6c3 a5
35.Bd3c2 a4
36.Kf1 Rd4f4
37.Kg2 Rf4f2
38.Kg3 f5
39.Rc3c6 f4
{ resign }
0-1

[Event "Eq:Slap Shot Mates-The League Of Gentlemen : "]
[Site "www.chess-mail.com"]
[Date "2015.05.03"]
[Round "1"]
[White "Sebolix"]
[Black "Ztornad"]
[WhiteElo "2670"]
[BlackElo "1750"]
[Result "1-0"]
[Round "1"]
1.e4 e5
2.Ng1f3 d6
3.d4 Nb8d7
4.Bf1c4 Nd7f6
5.dxe5 Nf6xe4
6.Qd1d5 Bc8e6
7.Qd5xe4 Qd8d7
8.Bc4xe6 Qd7xe6
9.Qe4xb7 Ra8d8
10.Qb7c6 Rd8d7
11.O-O Bf8e7
12.exd6 Qe6xd6
13.Qc6xd6 Be7xd6
14.Nb1c3 Ng8f6
15.Rf1e1 Bd6e7
16.Nf3e5 Rd7d6
17.Nc3b5 Rd6b6
18.Nb5xc7 Kf8
19.Bc1g5 Be7d8
20.Bg5xf6 Rb6d6
21.Ne5d7 Rd6xd7
22.Re1e8 
1-0

[Event "Eq:CONFOEDERATIONIS HELVETICAE-Equipo Juan Diaz : "]
[Site "www.chess-mail.com"]
[Date "2015.05.03"]
[Round "1"]
[White "Astigitana"]
[Black "Asoka"]
[WhiteElo "2460"]
[BlackElo "2630"]
[Result "0-1"]
[Round "1"]
1.d4 Ng8f6
2.c4 e6
3.Nb1c3 Bf8b4
4.Qd1c2 c5
5.dxc5 Bb4xc5
6.Ng1f3 O-O
7.a3 d5
8.Bc1g5 dxc4
9.e3 h6
10.Bg5xf6 Qd8xf6
 { time }
0-1

[Event "Tourn. n8124"]
[Site "www.chess-mail.com"]
[Date "2015.05.04"]
[Round "1"]
[White "Tenzinnima"]
[Black "Dominiquer"]
[WhiteElo "1890"]
[BlackElo "1770"]
[Result "0-1"]
[Round "1"]
1.Ng1f3 Nb8c6
2.e4 e5
3.Bf1b5 a6
4.Bb5a4 Ng8f6
5.O-O Nf6xe4
6.d4 b5
7.Ba4b3 d5
8.dxe5 Bc8e6
9.c3 Bf8c5
10.a4 O-O
11.Nb1d2 Be6g4
12.Qd1c2 Ne4xd2
13.Nf3xd2 Nc6xe5
14.Rf1e1 Qd8f6
15.Nd2f1 Bg4f5
16.Qc2e2 Bf5e4
 { time }
0-1

[Event "Tourn. n8160"]
[Site "www.chess-mail.com"]
[Date "2015.05.04"]
[Round "1"]
[White "Roqueur"]
[Black "Senitram"]
[WhiteElo "2610"]
[BlackElo "2590"]
[Result "1/2-1/2"]
[Round "1"]
1.e4 c5
2.Ng1f3 d6
3.d4 cxd4
4.Nf3xd4 Nb8c6
5.Nb1c3 Ng8f6
6.Bc1g5 Bc8d7
7.Qd1d2 a6
8.O-O-O e6
9.f4 h6
10.Bg5h4 b5
11.a3 Bf8e7
12.Kb1 O-O
13.Nd4f3 Bd7e8
14.Bf1e2 Qd8b6
15.Rh1e1 Ra8b8
16.e5 dxe5
17.fxe5 Nf6g4
18.Bh4xe7 Nc6xe7
19.Qd2d6 Ne7c6
20.Nc3e4 a5
21.Rd1d3 b4
22.h3 f5
23.exf6 Ng4xf6
24.Qd6xe6 Kh8
25.Ne4xf6 Rf8xf6
26.Qe6e3 Qb6c7
27.Rd3d2 Be8f7
28.a4 b3
29.Be2b5 bxc2
30.Rd2xc2 Qc7b7
31.Rc2c5 Rf6e6
32.Nf3e5 Nc6xe5
{ draw }
1/2-1/2

[Event "Tourn. n8119"]
[Site "www.chess-mail.com"]
[Date "2015.05.04"]
[Round "1"]
[White "Theboss"]
[Black "Tenzinnima"]
[WhiteElo "1780"]
[BlackElo "1890"]
[Result "1-0"]
[Round "1"]
1.e4 Ng8f6
2.Nb1c3 d5
3.d3 g6
4.Bc1g5 d4
5.Nc3d5 Nf6xd5
6.exd5 Qd8xd5
7.Ng1f3 Nb8c6
8.Bg5d2 Bf8g7
9.g3 Bc8g4
10.Bf1g2 O-O
11.O-O Qd5h5
12.Qd1e2 Nc6e5
13.Nf3g5 Bg4xe2
14.Rf1e1  { time }
1-0

[Event "Tourn. n8117"]
[Site "www.chess-mail.com"]
[Date "2015.05.04"]
[Round "1"]
[White "Tenzinnima"]
[Black "Gene4267"]
[WhiteElo "1900"]
[BlackElo "1969"]
[Result "0-1"]
[Round "1"]
1.e4 e6
2.d4 d5
3.e5 c5
4.c3 Nb8c6
5.Ng1f3 Qd8b6
6.a3 Ng8h6
7.b4 cxd4
8.cxd4 Nh6f5
9.Bc1b2 Bc8d7
10.Bf1e2 Bf8e7
11.O-O O-O
12.Nb1c3 Nf5xd4
13.Nc3a4 Nd4xe2
14.Qd1xe2 Qb6d8
15.Ra1c1 Nc6xb4
16.Na4c5 Nb4c6
17.Bb2d4 Nc6xd4
18.Nf3xd4 b6
19.Nc5xd7 Qd8xd7
20.Rc1c3 Rf8c8
21.Rf1c1 Be7xa3
22.Rc3xc8 Ra8xc8
23.Rc1xc8 Qd7xc8
24.Nd4b5 Qc8c1
 { time }
0-1

[Event "Tourn. n8108"]
[Site "www.chess-mail.com"]
[Date "2015.05.04"]
[Round "1"]
[White "Cathar"]
[Black "Emmanuelasi"]
[WhiteElo "2230"]
[BlackElo "2340"]
[Result "1-0"]
[Round "1"]
1.d4 Nb8c6
2.d5 Nc6e5
3.e4 e6
4.dxe6 fxe6
5.Nb1c3 Ng8f6
6.f4 Ne5f7
7.e5 Nf6g8
8.Ng1f3 Bf8b4
9.Bf1d3 d5
10.O-O Ng8e7
11.Nc3e2 O-O
12.Bc1e3 Ne7f5
13.Be3f2 g6
14.g4 Nf5g7
15.Bf2h4 Bb4e7
16.Bh4xe7 Qd8xe7
17.g5 Ng7f5
18.Bd3xf5 gxf5
19.Ne2g3 Kh8
20.Ng3h5 Rf8g8
21.Nh5f6 Rg8g7
22.Qd1e1 c5
23.Qe1h4 Nf7d8
24.Kh1 Nd8c6
25.Rf1g1 Qe7f7
26.Rg1g3 Nc6e7
27.g6 Ne7xg6
28.Qh4h6 Bc8d7
29.Nf3g5 Qf7e7
30.Ng5xh7 Rg7xh7
31.Qh6xg6 Qe7g7
32.Qg6xg7 Rh7xg7
33.Rg3h3 { resign }
1-0

[Event "Tourn. n8150"]
[Site "www.chess-mail.com"]
[Date "2015.05.04"]
[Round "1"]
[White "Falcoale"]
[Black "Wegaman"]
[WhiteElo "1990"]
[BlackElo "1880"]
[Result "1-0"]
[Round "1"]
1.e4 e6
2.d4 d5
3.Nb1d2 c5
4.c3 Nb8c6
5.exd5 exd5
6.dxc5 Bf8xc5
7.Ng1f3 Ng8f6
8.Bf1b5 O-O
9.O-O Bc8g4
10.Bb5e2 Rf8e8
11.b4 Bc5b6
12.h3 Bg4h5
13.Rf1e1 Qd8c7
14.Bc1b2 Ra8d8
15.Nf3d4 Bh5xe2
16.Nd4xe2 Nf6e4
17.Nd2xe4 dxe4
18.Qd1b3 Qc7g3
19.Ne2xg3 Bb6xf2
20.Kxf2 { resign }
1-0

[Event "Tourn. n8183"]
[Site "www.chess-mail.com"]
[Date "2015.05.04"]
[Round "1"]
[White "Samael"]
[Black "Difficult"]
[WhiteElo "2110"]
[BlackElo "2060"]
[Result "1-0"]
[Round "1"]
1.d4 g6
2.Ng1f3 Bf8g7
3.e3 d6
4.Nb1c3 c6
5.Bf1e2 Qd8c7
6.O-O e5
7.dxe5 dxe5
8.h3 Ng8e7
9.Bc1d2 O-O
10.Ra1b1 { time. }
1-0

[Event "Tourn. n8100"]
[Site "www.chess-mail.com"]
[Date "2015.05.04"]
[Round "1"]
[White "Difficult"]
[Black "Liencam2"]
[WhiteElo "2100"]
[BlackElo "2290"]
[Result "0-1"]
[Round "1"]
1.c4 e5
2.Nb1c3 Nb8c6
3.Ng1f3 Ng8f6
4.d4 exd4
5.Nf3xd4 Bf8b4
6.Nd4xc6 Bb4xc3
7.bxc3 bxc6
8.Bc1a3 d6
9.e3 Bc8e6
10.Ra1b1 Ra8b8
11.Bf1e2 O-O
12.Rb1xb8 Qd8xb8
13.O-O Qb8b6
14.Qd1b3 Nf6e4
15.Rf1d1 Rf8b8
16.Qb3c2 Ne4f6
17.h3 c5
18.Qc2a4 Be6d7
19.Qa4c2 Bd7c6
20.Be2d3 Qb6a6
21.Qc2c1 Bc6a8
22.Bd3f1 Qa6c6
23.Qc1d2 Nf6e4
24.Qd2c2 Ne4g5
25.f3 h6
26.e4 Ng5e6
27.Rd1b1 Rb8b6
28.Rb1b5 g6
29.Qc2d2 Ne6g7
30.Bf1e2 Ng7h5
31.Qd2xh6 Nh5g3
32.Be2d3 Qc6e8
33.Ba3c1 Qe8e5
34.Bc1g5 Qe5xc3
35.Bg5e7 Qc3a1
36.Kh2 Qa1e5
{ time. }
0-1

[Event "Tourn. n8117"]
[Site "www.chess-mail.com"]
[Date "2015.05.04"]
[Round "1"]
[White "Awfen"]
[Black "Tenzinnima"]
[WhiteElo "1950"]
[BlackElo "1900"]
[Result "1-0"]
[Round "1"]
1.e4 Ng8f6
2.e5 Nf6d5
3.c4 Nd5b6
4.d4 d6
5.f4 dxe5
6.fxe5 Nb8c6
7.Ng1f3 Bc8g4
8.b3 e6
9.Bf1e2 Bf8e7
10.Bc1e3 O-O
11.O-O Nc6b4
12.a3 Nb4c6
13.Nb1d2 f6
14.b4 fxe5
15.dxe5 Rf8f5
16.Qd1b3 Qd8e8
17.Be2d3 Nc6xe5
18.Bd3xf5 Ne5xf3
19.Nd2xf3  { time }
1-0

[Event "Tourn. n8179"]
[Site "www.chess-mail.com"]
[Date "2015.05.04"]
[Round "1"]
[White "Derfel83"]
[Black "Cyrilgeorge"]
[WhiteElo "1840"]
[BlackElo "1799"]
[Result "0-1"]
[Round "1"]
1.e4 e5
2.Ng1f3 d6
3.d4 Nb8c6
4.d5 Nc6d4
5.Nf3xd4 exd4
6.Qd1xd4 Qd8f6
7.Bf1b5 Bc8d7
8.Bb5xd7 Kxd7
9.Qd4xf6 Ng8xf6
10.f3 h6
11.Nb1c3 c5
12.dxc6 bxc6
13.Bc1f4 g5
14.Bf4g3 Nf6h5
15.O-O-O Nh5xg3
16.hxg3 a5
17.f4 gxf4
18.gxf4 Ra8e8
19.e5 d5
20.Nc3e4 Ke6
21.g3 dxe4
22.Rh1h5 Rh8g8
23.Rd1e1 Rg8xg3
24.Re1xe4 Rg3g1
25.Kd2 Re8d8
26.Ke2 Rg1g2
27.Kf3 Rg2xc2
28.f5 Ke7
29.Re4a4 Rc2xb2
30.Ra4xa5 Rd8d5
31.Ra5a7 Ke8
32.Ke4 Rb2e2
{ resign }
0-1

[Event "Tourn. n8153"]
[Site "www.chess-mail.com"]
[Date "2015.05.04"]
[Round "1"]
[White "Anja"]
[Black "Towerbridge"]
[WhiteElo "1680"]
[BlackElo "1770"]
[Result "1-0"]
[Round "1"]
1.d4 d5
2.Ng1f3 c6
3.Bc1f4 Ng8f6
4.e3 Bc8f5
5.Nb1d2 e6
6.c4 Bf8e7
7.Nf3e5 O-O
8.Nd2f3 Be7b4
9.Nf3d2 Nf6e4
10.Ne5f3 Bf5g4
11.Bf1e2 Bg4xf3
12.Be2xf3 Ne4xd2
13.Ke2 Nd2xf3
14.gxf3 dxc4
15.Rh1g1 b5
16.Bf4h6 g6
17.Bh6xf8 Bb4xf8
18.h4  { time }
1-0

[Event "Tourn. n8196"]
[Site "www.chess-mail.com"]
[Date "2015.05.04"]
[Round "1"]
[White "Andychesston"]
[Black "Gene4267"]
[WhiteElo "1900"]
[BlackElo "2060"]
[Result "1-0"]
[Round "1"]
1.e4 e6
2.Ng1f3 d5
3.exd5 exd5
4.d4 Bf8d6
5.Nb1c3 c6
6.Bc1g5 f6
7.Bg5h4 Ng8e7
8.Bf1e2 O-O
9.O-O Ne7f5
10.Be2d3 Rf8e8
11.Rf1e1 Nf5xh4
12.Nf3xh4 Nb8d7
13.Bd3xh7 { resign }
1-0

[Event "Tourn. n8119"]
[Site "www.chess-mail.com"]
[Date "2015.05.04"]
[Round "1"]
[White "Tenzinnima"]
[Black "Bluetealeaf"]
[WhiteElo "1890"]
[BlackElo "1740"]
[Result "0-1"]
[Round "1"]
1.d4 d5
2.c4 e6
3.Nb1c3 c6
4.Ng1f3 f6
5.cxd5 exd5
6.e4 Ng8e7
7.Bf1d3 Nb8d7
8.O-O g5
9.Nf3xg5 Ne7g6
10.Ng5e6 Qd8b6
11.exd5 cxd5
12.Nc3xd5 Qb6d6
13.Bd3xg6 hxg6
14.Bc1f4 Qd6c6
15.Ra1c1 Qc6a6
16.Ne6c7 Kf7
17.Nc7xa6 bxa6
18.Rc1c7 g5
19.Qd1c2 gxf4
20.Rc7xc8 Bf8d6
 { time }
0-1

[Event "Tourn. n8187"]
[Site "www.chess-mail.com"]
[Date "2015.05.04"]
[Round "1"]
[White "Anja"]
[Black "Easychess"]
[WhiteElo "1670"]
[BlackElo "1480"]
[Result "1-0"]
[Round "1"]
1.d4 f5
2.Ng1f3 Ng8f6
3.c4 e6
4.Nb1c3 Bf8b4
5.Bc1g5 Bb4xc3
6.bxc3 O-O
7.e3 b6
8.Bf1e2 Bc8b7
9.O-O Nf6e4
{ time. }
1-0

[Event "Tourn. n8155"]
[Site "www.chess-mail.com"]
[Date "2015.05.04"]
[Round "1"]
[White "Asoka"]
[Black "Rons"]
[WhiteElo "2620"]
[BlackElo "2540"]
[Result "1/2-1/2"]
[Round "1"]
1.d4 Ng8f6
2.c4 e6
3.Nb1c3 Bf8b4
4.a3 Bb4xc3
5.bxc3 c5
6.Ng1f3 Nb8c6
7.Qd1c2 O-O
8.dxc5 Qd8a5
9.Ra1b1 Qa5xc5
10.e4 Nc6e5
11.Rb1b5 Ne5xf3
12.gxf3 Qc5c7
13.Rh1g1 g6
14.Bc1g5 Nf6h5
15.h4 e5
16.c5 d6
17.cxd6 Qc7xd6
18.Qc2b2 Bc8e6
19.Rb5xb7 f6
20.Bg5e3 Rf8d8
21.Bf1e2 Ra8b8
22.Rb7b4 Nh5f4
23.Be3xf4 exf4
24.c4 Kf7
25.Kf1 Rb8xb4
26.axb4 Qd6d2
27.Qb2xd2 Rd8xd2
28.Rg1h1 Rd2b2
29.b5 Ke7
30.c5 Be6b3
31.Be2d3 Rb2d2
32.Bd3e2 Bb3e6
33.h5 g5
34.h6 Be6b3
35.b6 axb6
36.cxb6 Rd2b2
37.Be2a6 Bb3a4
38.Kg2 { draw }
1/2-1/2

[Event "Match"]
[Site "www.echecsemail.com"]
[Date "2015.05.04"]
[Round "1"]
[White "Hrob71"]
[Black "Generalfree"]
[WhiteElo "2080"]
[BlackElo "1750"]
[Result "1-0"]
[Round "1"]
1.e4 e5
2.Ng1f3 d6
3.d4 exd4
4.Qd1xd4 c5
5.Qd4d1 Bc8d7
6.Bf1c4 h6
7.O-O Ng8f6
8.e5 dxe5
9.Nf3xe5 Bd7e6
10.Qd1xd8 Kxd8
11.Bc4xe6 { resign }
1-0

[Event "Match"]
[Site "www.echecsemail.com"]
[Date "2015.05.04"]
[Round "1"]
[White "Gavroche"]
[Black "Udo"]
[WhiteElo "1840"]
[BlackElo "1500"]
[Result "0-1"]
[Round "1"]
1.d4 a6
2.c4 e6
3.Nb1c3 Bf8b4
4.Bc1d2 Nb8c6
5.d5 Nc6d4
6.e4 d6
7.Qd1a4 Bc8d7
8.Qa4xb4 Nd4c2
9.Kd1 Nc2xb4
10.Ng1f3 a5
11.a3 Nb4a6
12.Nc3b5 Na6c5
13.Nb5c3 e5
14.Kc2 b6
15.Bf1d3 a4
16.Bd2e3 Nc5b3
17.Ra1b1 h6
18.h4 Bd7g4
19.Nf3d2 Nb3xd2
20.Kxd2 c5
21.Nc3b5 Ng8e7
22.f3 Bg4h5
23.g4 Bh5g6
24.h5 Bg6h7
25.f4 f6
26.fxe5 fxe5
27.Rh1g1 Rh8f8
28.g5 Ne7c8
29.g6 Bh7g8
30.Rb1f1 Rf8xf1
31.Bd3xf1 Nc8a7
32.Bf1h3 Na7xb5
33.cxb5 Qd8h4
34.Bh3g4 Kd8
35.Bg4e6 Bg8xe6
36.dxe6 Ke7
{ resign }
0-1

[Event "Match"]
[Site "www.echecsemail.com"]
[Date "2015.05.04"]
[Round "1"]
[White "Bojan"]
[Black "Mitja"]
[WhiteElo "1950"]
[BlackElo "1550"]
[Result "1-0"]
[Round "1"]
1.e4 d5
2.exd5 Qd8xd5
3.Nb1c3 Qd5d8
4.Bf1c4 e6
5.d4 c6
6.Ng1f3 h6
7.Qd1e2 Ng8f6
8.Bc1f4 Nb8d7
9.O-O Nd7b6
10.Bc4b3 Bf8d6
11.Bf4e3 Bd6c7
12.Ra1d1 Nb6d5
13.Nc3xd5 Nf6xd5
14.Be3c1 Qd8e7
15.c4 Nd5f6
16.a3 a6
17.Rf1e1 O-O
18.Bb3a2 b5
19.b4 bxc4
20.Ba2xc4 Nf6d5
21.Rd1d3 Bc7f4
22.Nf3e5 Bf4xc1
23.Bc4xd5 cxd5
24.Re1xc1 Bc8b7
25.Rd3g3 Ra8c8
26.Rc1d1 Rc8c7
27.Ne5g4 Qe7g5
28.Ng4e3 Qg5f6
29.Qe2d2 Rf8c8
30.Ne3g4 Qf6e7
31.Ng4xh6 Kf8
32.Nh6g4 Rc7c2
33.Qd2f4 Qe7c7
34.Qf4xc7 Rc8xc7
35.h3 f6
36.Rg3e3 Kf7
37.Rd1e1 Bb7c8
38.Re3f3 Ke7
39.Kh2 Rc2c3
40.Re1e3 Rc3xe3
41.Rf3xe3 Rc7c4
42.Re3d3 g5
43.Ng4e3 Rc4c6
44.g3 f5
45.h4 g4
46.Kg2 Kf6
47.f3 gxf3
48.Kxf3 Rc6c7
49.Ne3g2 Bc8b7
50.Ng2f4 Bb7c8
51.Nf4e2 Bc8b7
52.Kf4 Bb7c8
53.a4 Bc8d7
54.Rd3c3 Rc7b7
55.b5 axb5
56.Rc3b3 b4
57.a5 Bd7a4
58.Rb3b2 Ba4c6
59.Ne2c1 Bc6a4
60.Nc1b3 Ba4xb3
61.Rb2xb3 Rb7a7
62.Rb3xb4 Ra7xa5
63.Rb4b3 Ra5a4
64.Rb3d3 e5
65.Ke3 e4
66.Rd3c3 Ra4c4
67.Rc3xc4 dxc4
68.d5 c3
69.h5 Kg5
70.d6 Kxh5
71.d7 c2
72.Kd2 Kg4
73.Kxc2 Kxg3
74.d8Q f4
75.Qd8g5 Kf3
76.Qg5g1 e3
77.Kd1 e2
78.Ke1 { resign }
1-0

[Event "Match"]
[Site "www.echecsemail.com"]
[Date "2015.05.04"]
[Round "1"]
[White "Fanny33"]
[Black "Manolinex"]
[WhiteElo "2760"]
[BlackElo "2720"]
[Result "1/2-1/2"]
[Round "1"]
1.e4 c5
2.Nb1c3 d6
3.g3 Nb8c6
4.Bf1g2 g6
5.d3 Bf8g7
6.Bc1e3 Ng8f6
7.h3 O-O
8.f4 Bc8e6
9.Be3f2 Qd8c8
10.g4 b5
11.a3 h5
12.f5 Be6d7
13.g5 Nf6h7
14.Ng1f3 Ra8b8
15.Bf2e3 gxf5
16.Nf3h4 f4
17.Be3xf4 b4
18.axb4 cxb4
19.Nc3d5 Rb8b5
20.Qd1c1 e6
21.Nd5e3 e5
22.Bf4g3 Nc6d4
23.Qc1d1 Qc8d8
24.Ra1xa7 Qd8xg5
25.Bg3f2 Bd7e6
26.Rh1g1 Qg5f4
27.Nh4f5 Be6xf5
28.Ne3xf5 Nd4xf5
29.exf5 d5
30.f6 Nh7xf6
31.Qd1d2 Qf4xd2
32.Kxd2 Rf8c8
33.Kd1 Kf8
34.b3 e4
35.Bg2f1 Rb5b8
36.Ra7a5 Rc8c6
37.Bf2c5 Kg8
38.Bc5d4 Rb8c8
39.dxe4 dxe4
40.Bd4e5 Kh7
41.Ra5a7 Nf6e8
42.Be5xg7 Ne8xg7
43.Ra7xf7 Rc6d6
44.Kc1 Rd6g6
45.Rg1g2 Rc8c6
46.Rg2e2 Rc6e6
47.Kd2 Kh6
48.Rf7f4 Re6d6
49.Ke1 Ng7e6
50.Rf4xe4 Ne6d4
51.Re2f2 Rg6g5
52.Bf1d3 Nd4xb3
53.Re4xb4 Nb3c5
54.Bd3f1 Rd6e6
55.Rf2e2 Re6f6
56.Bf1g2 Rg5g3
57.Rb4c4 Nc5d7
58.Rc4c8 Nd7f8
59.Re2f2 Rf6e6
60.Kd2 Nf8g6
61.Rc8c4 Kg5
62.Bg2f1 h4
63.Rc4b4 Re6e5
64.Rb4b7 Re5e7
65.Rb7b5 Ng6e5
66.Kc1 Rg3e3
67.Kb2 Re7c7
68.Rf2f8 Rc7c6
69.Rb5b4 Re3c3
70.Rf8f2 Rc3g3
71.Rb4b5 { draw }
1/2-1/2

[Event "1/32 Finale"]
[Site "www.chess-mail.com"]
[Date "2015.05.04"]
[Round "1"]
[White "Stepanpech"]
[Black "Tenzinnima"]
[WhiteElo "2420"]
[BlackElo "2270"]
[Result "1-0"]
[Round "1"]
1.e4 c5
2.Ng1f3 d6
3.d4 cxd4
4.Nf3xd4 Ng8f6
5.Nb1c3 g6
6.Bc1e3 Bf8g7
7.f3 O-O
8.Qd1d2 Nb8c6
9.O-O-O d5
10.exd5 Nf6xd5
11.Nd4xc6 bxc6
12.Nc3xd5 cxd5
13.Qd2xd5 Qd8c7
14.Qd5c5 Qc7b8
15.c3 Bc8e6
16.Bf1d3 Rf8c8
17.Qc5a5 Bg7e5
18.Bd3e4 Be5f4
19.Be3d2 Bf4xd2
20.Rd1xd2 Qb8f4
21.Be4xa8 Rc8xa8
22.h3 h5
23.Rh1e1 Kf8
24.b3 Be6f5
25.Re1e2  { time }
1-0

[Event "1/128 Finale"]
[Site "www.chess-mail.com"]
[Date "2015.05.04"]
[Round "1"]
[White "4knights"]
[Black "Bluetealeaf"]
[WhiteElo "1770"]
[BlackElo "1740"]
[Result "1-0"]
[Round "1"]
1.d4 d5
2.c4 Bc8e6
3.Ng1f3 f6
4.Nb1c3 c6
5.cxd5 Be6xd5
6.e4 Bd5f7
7.Bf1d3 e6
8.O-O g5
9.e5 g4
10.Nf3d2 Qd8xd4
11.Nd2b3 Qd4xe5
12.Rf1e1 Qe5h5
13.Bd3e2 f5
14.f3 Ng8f6
15.fxg4 fxg4
16.Re1f1 Nb8d7
17.Rf1f4 Bf8d6
18.Qd1xd6 Ra8d8
19.Rf4d4 e5
20.Rd4d1 Qh5f5
21.Nb3c5 g3
22.Nc5xb7 Rd8c8
23.hxg3 Rh8g8
24.g4 Nf6xg4
25.Nc3e4 Rg8g6
26.Qd6b4 Bf7d5
27.Ne4d6 Ke7
28.Nd6xf5 Ke6
29.Qb4e7 Kxf5
30.Qe7xd7 Bd5e6
31.Rd1f1 { resign }
1-0

[Event "1/128 Finale"]
[Site "www.chess-mail.com"]
[Date "2015.05.04"]
[Round "1"]
[White "Julianlore"]
[Black "Rasko90"]
[WhiteElo "1499"]
[BlackElo "1809"]
[Result "1-0"]
[Round "1"]
1.e4 e5
2.Ng1f3 Nb8c6
3.Bf1b5 Ng8e7
4.O-O g6
5.c3 Bf8g7
6.d4 exd4
7.cxd4 d5
8.exd5 Ne7xd5
9.Rf1e1 Bc8e6
10.Bc1g5 Qd8d6
11.Nb1d2 O-O
12.Nd2e4 Qd6b4
13.Bb5xc6 bxc6
14.Qd1c1 Qb4b6
15.Ne4c5 Be6f5
16.b3 Rf8e8
17.h3  { time }
1-0

[Event "1/64 Finale"]
[Site "www.chess-mail.com"]
[Date "2015.05.04"]
[Round "1"]
[White "Andradamaria"]
[Black "Winterlude"]
[WhiteElo "2249"]
[BlackElo "2520"]
[Result "0-1"]
[Round "1"]
1.d4 d5
2.c4 Nb8c6
3.Ng1f3 Bc8g4
4.cxd5 Bg4xf3
5.dxc6 Bf3xc6
6.Bc1f4 Ng8f6
7.Nb1c3 e6
8.a3 Bf8d6
9.Bf4g5 h6
10.Bg5h4 g5
11.Bh4g3 Qd8d7
12.e4 Nf6xe4
13.Nc3xe4 Bc6xe4
14.Bg3xd6 Qd7xd6
15.f3 Be4c6
16.Bf1c4 O-O-O
17.Qd1b3 Qd6xd4
18.Ra1d1 Qd4e5
19.Bc4e2 Rd8xd1
20.Kxd1 Rh8d8
21.Ke1 Rd8d4
22.Qb3c2 Bc6b5
23.Kf2 Bb5xe2
24.Qc2xe2 Qe5c5
{ resign }
0-1

[Event "1/128 Finale"]
[Site "www.chess-mail.com"]
[Date "2015.05.04"]
[Round "1"]
[White "Attatroll"]
[Black "Rindrandria"]
[WhiteElo "1860"]
[BlackElo "1540"]
[Result "1-0"]
[Round "1"]
1.Ng1f3 f6
2.e4 e5
3.Nf3xe5 fxe5
4.Bf1c4 g6
5.O-O Bf8c5
6.Nb1c3 c6
7.d3 b5
8.Bc4b3 Qd8h4
9.Qd1f3 Ng8f6
10.g3 Qh4h5
11.Qf3xf6 Rh8f8
12.Qf6g5 b4
13.Qg5xh5 gxh5
14.Nc3a4 d6
15.Bc1h6 Rf8f6
16.Bh6g7 Rf6g6
17.Na4xc5 Rg6xg7
18.Nc5e6 Rg7e7
19.Ne6g5 Bc8b7
20.f4 h6
21.Ng5h3 Bb7c8
22.Nh3f2 exf4
23.gxf4 Bc8g4
24.f5 Re7g7
25.Nf2xg4 hxg4
26.f6 Rg7g5
27.Ra1e1 Nb8d7
28.f7 Kf8
29.d4 c5
30.dxc5 Nd7xc5
31.Bb3d5 Ra8b8
32.Rf1f6 Nc5d7
33.Rf6xh6 Nd7e5
34.Rh6h8 { resign }
1-0

[Event "Eq:Angolana Scacchi-Cats in the rain : "]
[Site "www.chess-mail.com"]
[Date "2015.05.04"]
[Round "1"]
[White "Malbertan"]
[Black "Amaya"]
[WhiteElo "1970"]
[BlackElo "2040"]
[Result "1-0"]
[Round "1"]
1.e4 e6
2.d4 d5
3.Nb1c3 Bf8b4
4.exd5 exd5
5.Bf1d3 Ng8f6
6.Ng1f3 O-O
7.O-O Bc8g4
8.Bc1g5 Nb8d7
9.a3 Bb4xc3
10.bxc3 c6
11.h3 Bg4h5
12.g4 Bh5g6
13.Nf3e5 Qd8c7
14.f4 Bg6xd3
15.cxd3 Nd7xe5
16.fxe5 Nf6d7
17.Qd1e2 Nd7b6
18.Bg5f4 Qc7e7
19.Ra1e1 Qe7xa3
20.e6 fxe6
21.Qe2xe6 Kh8
22.Re1c1 Ra8e8
23.Qe6d6 Qa3xd6
24.Bf4xd6 Rf8xf1
25.Rc1xf1 Nb6d7
26.Rf1b1 b6
27.Rb1a1 a5
28.Ra1b1 b5
29.Kf2 Re8e6
30.Bd6c7 a4
31.Bc7a5 Re6f6
32.Kg3 Nd7f8
33.Ba5b4 Nf8e6
34.Rb1e1 h6
35.h4 Ne6f4
36.Re1e8 Kh7
37.g5 hxg5
38.hxg5 Rf6f5
39.Kg4 Kg6
40.Re8e3 Rf5xg5
41.Kxf4 { resign }
1-0

[Event "Fast Game"]
[Site "www.echecsemail.com"]
[Date "2015.05.04"]
[Round "1"]
[White "Attatroll"]
[Black "Bobsax"]
[WhiteElo "1780"]
[BlackElo "1599"]
[Result "1-0"]
[Round "1"]
1.e4 c5
2.Ng1f3 d6
3.Bf1b5 Nb8c6
4.O-O Ng8f6
5.d3 e5
6.Bc1g5 Bf8e7
7.Nb1c3 O-O
8.Nc3e2  { time }
1-0

[Event "Tourn. n8161"]
[Site "www.chess-mail.com"]
[Date "2015.05.05"]
[Round "1"]
[White "Inez"]
[Black "Swampcat"]
[WhiteElo "1270"]
[BlackElo "1460"]
[Result "1-0"]
[Round "1"]
1.e4 e6
2.d4 d5
3.Nb1d2 c5
4.Ng1f3 Nb8c6
5.exd5 Qd8xd5
6.Bf1c4 Qd5h5
7.dxc5 Bf8xc5
8.Nd2e4 Ng8e7
9.h3 Nc6e5
10.g4 Qh5g6
11.Bc4b5 Ne7c6
12.Ne4xc5 Ne5xf3
13.Qd1xf3 Bc8d7
14.Nc5xd7 Kxd7
15.Bc1f4 Qg6xc2
16.Ra1c1 Qc2xc1
17.Bf4xc1 Ra8d8
18.Bb5xc6 bxc6
19.Qf3xf7 Kc8
20.Qf7xa7 { resign }
1-0

[Event "Tourn. n8122"]
[Site "www.chess-mail.com"]
[Date "2015.05.05"]
[Round "1"]
[White "Powerchess"]
[Black "Odrum1"]
[WhiteElo "1400"]
[BlackElo "1410"]
[Result "1-0"]
[Round "1"]
1.d4 e6
2.e4 d5
3.exd5 exd5
4.Bf1d3 Bf8d6
5.Ng1f3 Nb8c6
6.O-O Ng8f6
7.Rf1e1 Bc8e6
8.c3 O-O
9.Nb1d2 Bd6f4
10.Nd2b3 Nf6h5
11.Bc1xf4 Nh5xf4
12.Nb3c5 Be6g4
13.h3 Bg4h5
14.Bd3e2 Bh5xf3
15.Be2xf3 Nc6e7
16.Qd1d2 Ne7g6
17.b4 Ra8b8
18.Ra1d1 Qd8d6
19.Bf3g4 Ng6h4
20.Re1e3 Nf4xg2
21.Re3g3 b6
22.Nc5d7 Nh4f3
23.Rg3xf3 Rb8e8
24.Kxg2 h5
25.Nd7f6 { resign }
1-0